Word Ladder: Love Isn't Always on Time Quiz Stats

 Plays Quiz Updated May 30, 2019

Score 0/14 Timer 03:00
3 Plays Today
Clue 4-Letter Word % Correct
Converse; chat; speakTALK
98.3%
Fungus that grows on foodMOLD
98.2%
Armored fighting vehicleTANK
98.1%
Place to extract oreMINE
97.6%
Fictitious story (e.g. The Handmaid's ____)TALE
97.4%
Nickname of Peter Pan's fairy friendTINK
96.8%
Weak sauce (at least at Taco Bell)?MILD
96.5%
Clue 4-Letter Word % Correct
It comes over matter, colloquiallyMIND
96.1%
☆ ____ the [Rung 6] by [Rung 14] ☆
Carry with one's hands
• HOLD •
95.6%
☆ [Rung 1] the [Rung 6] by ____
Dorothy's canine companion
• TOTO •
93.7%
Reusable shopping bagTOTE
93.6%
Prominent British art galleryTATE
92.6%
☆ [Rung 1] the ____ by [Rung 14] ☆
Queue
• LINE •
91.1%
Protagonist of the Legend of ZeldaLINK
90.2%

Today's Daily Dose

Missing Word
Sherlocks

Word Ladder
King of the Hill

Quick Pick
Songs in Pink

Get the Picture
NBA Teammates

You're not logged in!

Compare scores with friends on all Sporcle quizzes.
OR
Log In

Sporcle TV

Today on Sporcle TV


Watch our educational content, quiz creation guides, and fun videos on Sporcle TV.

Show Comments

Extras

Top Quizzes Today


Score Distribution

Your Account Isn't Verified!

In order to create a playlist on Sporcle, you need to verify the email address you used during registration. Go to your Sporcle Settings to finish the process.

Report this User

Report this user for behavior that violates our Community Guidelines.

Details: